000 00293nam a22001217a 4500
020 _a0-412-25090-X
082 _a006.6 HAR'C
100 _aHARRIS, DENNIS
_966672
245 _aCOMPUTER GRAPHICS AND APPLICATIONS
260 _aLONDON
_bCHAPMAN & HALL
_c1984
300 _aIX, 174P
942 _cBK
999 _c574605
_d574605